Lecturas de Corrido: Libro Tercero

Gespeichert in:
Bibliographische Detailangaben
1. Verfasser: Sin autor
Format: Buch
Sprache:Spanisch
Erschienen: Santiago de Chile Talleres Gráficos San Rafael 1929
Katalog:MANES:  Suchergebnis im Bibliothekskatalog
Schulbuchspezifische Eigenschaften:
Schriftenreihe:Colección H. E. C.
Tags: Tag hinzufügen
Keine Tags, Fügen Sie den ersten Tag hinzu!
Hinzugefügt zu:14.01.2020
Geändert in:25.04.2025

MARC

LEADER 00000nam a22000007a 4500
005 20250425101442.0
008 200115b ||||| |||| 00| 0 spa d
040 |a MGM 
561 |5 cl-MGM  |3 T 372.4 H 551l 1929 3  |a Chile. Museo Gabriela Mistral  |k MANES 
999 |c 87539  |d 87539 
100 |9 11659  |a Sin autor 
245 |a Lecturas de Corrido: Libro Tercero 
260 |a Santiago de Chile  |b Talleres Gráficos "San Rafael"  |c 1929 
300 |a 306 p.  |c 18,3 x 12.6 cm. 
440 |a Colección H. E. C.  |9 27900 
546 |a Chile  
690 |a EyL 
691 |a PRI 
942 |2 ddc  |c BK 
999 |c manes:87539  |d 87539